Le origini della civilta (Record no. 162710)

MARC details
000 -LEADER
campo de control de longitud fija 00863nam a22002055i 4500
001 - NÚMERO DE CONTROL
campo de control 162710
003 - IDENTIFICADOR DE NÚMERO DE CONTROL
campo de control ES-MaACL
005 - FECHA Y HORA DE LA ÚLTIMA TRANSACCIÓN
campo de control 20230906212602.0
008 - DATOS DE LONGITUD FIJA--INFORMACIÓN GENERAL
campo de control de longitud fija 990303s1891 it |||| | ita d
040 ## - FUENTE DE CATALOGACIÓN
Centro catalogador/agencia de origen CCPB | B
Lengua de catalogación spa
Centro/agencia transcriptor CCPB | B
100 1# - ENTRADA PRINCIPAL--NOMBRE DE PERSONA
Nombre de persona Puini, Carlo.
9 (RLIN) 131429
245 13 - MENCIÓN DEL TÍTULO
Título Le origini della civilta
Resto del título : secondo la tradizione e la storia dell' estremo oriente /
Mención de responsabilidad, etc. Carlo Puini.
260 ## - PUBLICACIÓN, DISTRIBUCIÓN, ETC.
Lugar de publicación, distribución, etc. Firenze :
Nombre del editor, distribuidor, etc. [s.n.],
Fecha de publicación, distribución, etc. 1891 (
Fabricante Tipi dei Successori Le Monnier)
300 ## - DESCRIPCIÓN FÍSICA
Extensión XVII, 258 p. ;
Dimensiones 28 cm.
490 1# - MENCIÓN DE SERIE
Mención de serie R. Istituto di Studi Superiori Pratici e di Perfezionamento in Firenze . Sezione di filosofia e filologia
650 #4 - PUNTO DE ACCESO ADICIONAL DE MATERIA--TÉRMINO DE MATERIA
Término de materia o nombre geográfico como elemento de entrada Civilización.
9 (RLIN) 11079
830 0# - PUNTO DE ACCESO ADICIONAL DE SERIE-TÍTULO UNIFORME
Título uniforme R. Istituto di Studi Superiori Pratici e di Perfezionamento in Firenze . Sezione di filosofia e filologia
9 (RLIN) 222219
852 ## - LOCALIZACIÓN
Ubicación ES-MaACL
Número de control de estantería G-12267
Nota libre -- Enc. hol.
Holdings
Estatus retirado Estado de pérdida Estado de daño No para préstamo Colección Biblioteca de origen Biblioteca actual Ubicación en estantería Fecha de adquisición Fuente de adquisición Total de préstamos Signatura topográfica completa Código de barras Visto por última vez Precio de reemplazo Tipo de ítem Koha
        Libros del s. XIX Biblioteca del Ateneo de Madrid Biblioteca del Ateneo de Madrid Sala Pecera Planta 3 17/01/2008     G-12267 1170466 23/02/2023 23/02/2023 Libro impreso antiguo